| 000 | 00914nam a22003137a 4500 | ||
|---|---|---|---|
| 001 | 000707 | ||
| 003 | DO-SdBNP | ||
| 005 | 20240308112742.0 | ||
| 007 | 000707 | ||
| 008 | 161116b 2011 pe a |||| 00| 0 spa d | ||
| 020 | _a9789870401605 | ||
| 040 |
_aBPMSU _bspa _cBPMSU |
||
| 082 | 4 |
_aA863.6 _bM779n 2011 _222 |
|
| 100 | 1 | _aMontes, Graciela | |
| 245 | 1 | 0 |
_aHabía una vez una [princesa] / _cGraciela Montes, Elena Torres. |
| 250 | _a | ||
| 260 |
_aPerú : _bAlfaguara Infantil, _c2011. |
||
| 300 |
_a[12] p. : _bil. ; _c17 cm. |
||
| 490 | 0 | _aPictocuentos | |
| 490 | 1 | _aAlfaguara infantil | |
| 500 | _aPre-Lectores | ||
| 500 | _aIncluye datos de los autores. | ||
| 590 | _aInventariado, 2024/VM | ||
| 650 | 4 | _aCuentos infantiles argentinos | |
| 650 | 4 | _a Libros ilustrados infantiles | |
| 700 | 1 |
_aRojas, Saùl Oscar _eautor |
|
| 910 | _aVMateo V. Control de calidad. BPMSU | ||
| 942 |
_2ddc _cBK |
||
| 999 |
_c11969 _d11969 |
||